All countries of the monarchy - Statistics

General Stats
  • This quiz has been taken 94 times
  • The average score is 32 of 52
Answer Stats
Continent Country % Correct
Europe UK
86%
Europe Spain
84%
Europe Sweden
82%
Oceania Australia
81%
Europe Norway
81%
Europe Monaco
78%
N.America Canada
77%
Europe Liechtenstein
77%
Asia Thailand
77%
Europe Netherlands
76%
Europe Denmark
75%
Oceania New Zeeland
75%
N.America Saint Lucia
73%
Asia UAE
73%
Europe Vatican
73%
Asia Bahrain
72%
Europe Luxemburg
72%
N.America Saint Kitts and Nevis
72%
Oceania Tonga
72%
N.America Bahamas
71%
Asia Oman
71%
N.America Saint Vincent and the Grenadines
71%
Europe Belgium
70%
Asia Qatar
70%
Asia Saudi Arabia
70%
N.America Grenada
67%
Asia Bhutan
65%
N.America Jamaica
65%
Asia Malaysia
65%
Africa Morocco
65%
N.America Antigua and Barbuda
63%
Asia Japan
62%
Oceania Tuvalu
62%
Asia Cambodia
61%
Africa Eswatini
61%
Asia Jordan
61%
Asia Brunei
59%
Africa Lesotho
59%
N.America Belize
58%
Asia Kuwait
56%
Oceania Papua new Guinea
53%
Oceania Solomon Islands
48%
S.America Bolivia
42%
Africa Malawi
41%
Africa South Africa
39%
Africa Uganda
35%
Africa Namibia
34%
Asia Indonesia
33%
Africa Togo
33%
Africa Benin
32%
Africa Botswana
28%
Europe Faroe Islands
20%
No matching quizzes found
Score Distribution
Percent of People with Each Score
Percentile by Number Answered
Your Score History
You have not taken this quiz